Nan bei he zuo kun ju = Nord-sud : l'impossible coopération? /
Saved in:
| Main Author: | |
|---|---|
| Other Authors: | |
| Format: | Book |
| Language: | Chinese French |
| Published: |
Beijing Shi :
She hui ke xue wen xian chu ban she,
2010.
|
| Edition: | Di 1 ban. |
| Series: | Gong min cong shu.
|
| Subjects: | |
| Tags: |
Add Tag
No Tags, Be the first to tag this record!
|
| LEADER | 01547nam a2200397Ia 4500 | ||
|---|---|---|---|
| 001 | 012352182-3 | ||
| 005 | 20110214161545.0 | ||
| 008 | 100621s2010 cc 000 0 chi d | ||
| 020 | |a 9787509710555 | ||
| 020 | |a 7509710553 | ||
| 035 | 0 | |a ocn642659286 | |
| 040 | |a HUA |c HUA |d HMY | ||
| 041 | 1 | |a chi |h fre | |
| 043 | |a d------ | ||
| 050 | 4 | |a HF1359 |b .G3212 2010 | |
| 100 | 1 | |a Gabas, Jean-Jacques. | |
| 240 | 1 | 0 | |a Nord-sud : l'impossible coopération?. |l Chinese. |
| 245 | 1 | 0 | |6 880-01 |a Nan bei he zuo kun ju = |b Nord-sud : l'impossible coopération? / |c Rang--Yake Jiaba (Jean-Jacques Gabas) zhu ; Li Hongfeng yi. |
| 250 | |6 880-02 |a Di 1 ban. | ||
| 260 | |6 880-03 |a Beijing Shi : |b She hui ke xue wen xian chu ban she, |c 2010. | ||
| 300 | |a 2, 5, 90 p. ; |c 22 cm. | ||
| 490 | 1 | |6 880-04 |a Gong min cong shu = |a La bibliothèque du citoyen. | |
| 500 | |a Translation of: Nord-sud : l'impossible coopération?. | ||
| 650 | 0 | |a International economic relations. | |
| 651 | 0 | |a Developing countries |x Foreign economic relations. | |
| 700 | 1 | |6 880-05 |a Li, Hongfeng. | |
| 880 | 1 | 0 | |6 245-01 |a 南北合作困局 = |b Nord-sud : l'impossible coopération? / |c 让--雅克・加巴 (Jean-Jacques Gabas) 著 ; 李洪峰译. |
| 880 | |6 250-02 |a 第1版. | ||
| 880 | |6 260-03 |a 北京市 : |b 社会科学文献出版社, |c 2010. | ||
| 880 | 1 | |6 490-04 |a 公民丛书 = |a La bibliothèque du citoyen. | |
| 880 | 1 | |6 700-05 |a 李洪峰. | |
| 830 | 0 | |6 880-06 |a Gong min cong shu. | |
| 880 | 0 | |6 830-06 |a 公民丛书. | |
| 988 | |a 20100521 | ||
| 049 | |a HMYC |o d | ||
| 906 | |0 MH | ||


